000 00819nam0a2200253 4500
001 RU\NLR\BIBL_A\011176761
005 20190617170610.0
021 _aRU
_b1958-60256
_92069
035 _a(NLR Aleph) 011176761
090 _a11796294
_c11796294
100 _a20160714d1958 mu y0rusy50 ca
101 0 _ache
102 _aRU
105 _ay z 000 y
200 1 _aОктябран серло
_fХасмохьмад Эдилов
210 _aГрозный
_cНохч-ГIалгIай кн. изд-во
_d1958
215 _a140, [3] с.
_d14
541 1 _aСвет Октября
_zrus
686 1 _aШ6(2=Че)7-5
700 1 _aЭдилов
_bХ. Э.
_f1922-1991
_gХасмагомед Эдилович
_4070
852 _aNLR
_bОНЛ
_jЧеч./1-178
942 _cBOOK
980 _aNB